| 000 | 00633nam a22002057a 4500 | ||
|---|---|---|---|
| 005 | 20251108170754.0 | ||
| 008 | 250721s1995 xx 000 0 ara d | ||
| 082 | 1 | 4 | _a956/امي |
| 100 | 1 | _aيكن، أمير | |
| 245 | 1 | 0 | _aالعصبية القبلية و الإمام المظلوم / |
| 250 | _aط2 | ||
| 264 | 1 |
_aدمشق : _bدار المعرفة، _c1995. |
|
| 300 | _a164ص | ||
| 650 | 1 | 7 | _aالتاريخ الإسلامي |
| 650 | 1 | 7 | _aخلافة عثمان بن عفان 656-644 |
| 650 | 1 | 7 | _aخلافة علي بن أبي طالب 661-656 |
| 650 | 1 | 7 | _aحروب الردة |
| 942 |
_2ddc _cBK |
||
| 999 |
_c48630 _d48630 |
||